Ferroviarios y zapleros de Jujuy (Registro nro. 34664)

Detalles MARC
000 -LEADER
fixed length control field 00382 a2200121 4500
001 - CONTROL NUMBER
control field ART_45094
005 - DATE AND TIME OF LATEST TRANSACTION
control field 20260410162038.0
008 - FIXED-LENGTH DATA ELEMENTS--GENERAL INFORMATION
fixed length control field 260409a
100 1# - MAIN ENTRY--PERSONAL NAME
Personal name Bergesio, Liliana
245 10 - TITLE STATEMENT
Title Ferroviarios y zapleros de Jujuy
700 1# - ADDED ENTRY--PERSONAL NAME
Personal name Golovanevsky, Laura
773 0# - HOST ITEM ENTRY
Title Revista de estudios regionales y mercado de trabajo
Related parts - Nº 6 (ene./dic. 2010)
Record control number REV44894

No hay ítems disponibles.